Normal view
MARC view
Entry Topical Term
001 - CONTROL NUMBER
- control field: 26332
003 - CONTROL NUMBER IDENTIFIER
- control field: ARRUPE
005 - DATE AND TIME OF LATEST TRANSACTION
- control field: 20160928113731.0
008 - FIXED-LENGTH DATA ELEMENTS
- fixed length control field: 160928|| aca||aabn | a|a d
040 ## - CATALOGING SOURCE
- Original cataloging agency: ARRUPE
- Transcribing agency: ARRUPE
150 ## - HEADING--TOPICAL TERM
- Topical term or geographic name as entry element: World politics
- Chronological subdivision: 1945--
670 ## - SOURCE DATA FOUND
- Source citation: Work cat.: (ARRUPE): Mazrui, Ali A. 25987, Cultural forces in world politics, 1990